[Event "AUTO-OPEN-1786"]
[Site "http://www.queenalice.com/game.php?id=693319"]
[Date "2009.12.5"]
[Round "1"]
[White "pgierech"]
[Black "Francisco_Ferraz"]
[Result "1/2-1/2"]
[WhiteElo "1903"]
[BlackElo "1722"]

1. e4 c5 2. Nf3 d6 3. c3 a6 4. Be2 e5 5. O-O Nc6 6. d4 exd4 7. cxd4 g6 8. Nc3
Bg7 9. Be3 Bg4 10. h3 Bxf3 11. Bxf3 cxd4 12. Nd5 dxe3 13. Nxe3 Nge7 14. Qa4 b5
15. Qc2 Rc8 16. Qd2 O-O 17. Rac1 Bh6 18. Qd3 Ne5 19. Qe2 Rxc1 20. Rxc1 Nxf3+ 21.
Qxf3 Bxe3 22. Qxe3 f5 23. Re1 Qa5 24. a3 f4 25. Qb3+ Rf7 26. Rc1 Qb6 27. Qe6 Kg7
28. e5 Nf5 29. Rc8 Qb7 30. exd6 Nxd6 31. Rd8 Nf5 32. Qe5+ Kh6 33. Qxf4+ Kg7 34.
Qe5+ Kh6 35. Rg8 Rg7 36. Rxg7 Qxg7 37. Qf4+ g5 38. Qxf5 Qxb2 39. Qe6+ Kg7 40.
Qxa6 Qc1+ 41. Kh2 Qf4+ 42. Kg1 Qc1+ 43. Kh2 1/2-1/2

[Event "AUTO-OPEN-1786"]
[Site "http://www.queenalice.com/game.php?id=693320"]
[Date "2009.12.5"]
[Round "1"]
[White "Francisco_Ferraz"]
[Black "pgierech"]
[Result "0-1"]
[WhiteElo "1697"]
[BlackElo "2013"]

1. b3 e5 2. Bb2 Nc6 3. e3 Nf6 4. Bb5 d6 5. Bxc6+ bxc6 6. d3 Bg4 7. f3 Bh5 8. Ne2
Be7 9. g4 Bg6 10. e4 h5 11. g5 Nxe4 12. fxe4 Bxg5 13. h4 Bxh4+ 14. Kd2 Bg5+ 15.
Kc3 d5 16. Ng3 d4+ 17. Kc4 f5 18. b4 Bf7+ 19. Kc5 Qd6# 0-1

[Event "AUTO-OPEN-1786"]
[Site "http://www.queenalice.com/game.php?id=693341"]
[Date "2009.12.5"]
[Round "1"]
[White "heidy"]
[Black "Francisco_Ferraz"]
[Result "1-0"]
[WhiteElo "2276"]
[BlackElo "1727"]

1. Nc3 Nf6 2. b3 d5 3. e3 a6 4. Bb2 e5 5. d4 e4 6. Nge2 Bb4 7. Nf4 O-O 8. Be2 b5
9. O-O Nbd7 10. Ncxd5 Bd6 11. Nxf6+ Nxf6 12. c4 bxc4 13. Bxc4 Bb7 14. h3 Bxf4
15. exf4 Nh5 16. Qxh5 Qf6 17. Qg5 Qxg5 18. fxg5 g6 19. Rfe1 Rfe8 20. Re3 Re7 21.
Rae1 Rae8 22. Ba3 Rd7 23. Bc5 Kg7 24. Bd3 f5 25. gxf6+ Kxf6 26. Bxe4 Bxe4 27.
Rxe4 Rxe4 28. Rxe4 c6 29. b4 h5 30. g3 Kf5 31. Re5+ Kf6 32. f4 Rd5 33. Rxd5 cxd5
34. a4 Ke6 35. b5 axb5 36. axb5 Kd7 37. g4 hxg4 38. hxg4 1-0

[Event "AUTO-OPEN-1786"]
[Site "http://www.queenalice.com/game.php?id=693342"]
[Date "2009.12.5"]
[Round "1"]
[White "Francisco_Ferraz"]
[Black "heidy"]
[Result "0-1"]
[WhiteElo "1729"]
[BlackElo "2256"]

1. b3 Nf6 2. Bb2 g6 3. e3 Bg7 4. f4 d5 5. Nf3 Nc6 6. Bb5 O-O 7. Bxc6 bxc6 8. Ne5
Bb7 9. O-O c5 10. d4 cxd4 11. Bxd4 Rc8 12. Bb2 c5 13. c4 dxc4 14. Nxc4 Qc7 15.
Be5 Qc6 16. Rf2 Ng4 17. Qxg4 Rcd8 18. Nbd2 Bc8 19. Qf3 Qb5 20. Bxg7 Kxg7 21. Rd1
h5 22. h4 Bg4 23. Qe4 Bxd1 24. Qe5+ Kg8 25. Qa1 Bg4 26. a4 Qb7 0-1

[Event "AUTO-OPEN-1786"]
[Site "http://www.queenalice.com/game.php?id=693355"]
[Date "2009.12.5"]
[Round "1"]
[White "Francisco_Ferraz"]
[Black "rubenov"]
[Result "0-1"]
[WhiteElo "1728"]
[BlackElo "1966"]

1. b3 e5 2. Bb2 Nc6 3. e3 a6 4. f4 exf4 5. exf4 Qh4+ 6. g3 Qh6 7. Qe2+ Be7 8.
Bg2 d6 9. d3 Bd7 10. Nd2 O-O-O 11. O-O-O Bf6 12. Bxf6 Qxf6 13. Kb1 Qc3 14. Ne4
Qa5 15. c3 f5 16. Ng5 Re8 17. Qb2 Nf6 18. Ne2 h6 19. Nh3 Ng4 20. Nd4 Nxd4 21.
cxd4 Ne3 22. Rd2 Nxg2 23. Rxg2 Re1+ 24. Rxe1 Qxe1+ 25. Qc1 Re8 26. Qxe1 Rxe1+
27. Kb2 Bb5 28. Rd2 Kd7 29. a4 Bc6 30. Nf2 Bf3 31. a5 Re2 32. Rxe2 Bxe2 33. Kc3
d5 34. h3 Bh5 35. g4 Bg6 36. Kb4 Kd6 37. h4 fxg4 38. Nxg4 Bxd3 39. Ne5 Be4 40.
Nf7+ Ke7 41. Ne5 Kf6 42. Kc5 Kf5 43. b4 Kxf4 44. b5 axb5 45. Kxb5 g5 46. hxg5
hxg5 47. Nd7 g4 48. Nf6 g3 49. Nh5+ Kf3 50. Nxg3 Kxg3 51. Kb4 Bd3 52. Kc3 Bc4
53. Kd2 Kf3 54. Kc2 Ke2 0-1

[Event "AUTO-OPEN-1786"]
[Site "http://www.queenalice.com/game.php?id=693356"]
[Date "2009.12.5"]
[Round "1"]
[White "rubenov"]
[Black "Francisco_Ferraz"]
[Result "0-1"]
[WhiteElo "1933"]
[BlackElo "1671"]

1. d4 d5 2. Bg5 h6 3. Bh4 Nc6 4. e3 Nf6 5. Bb5 Bd7 6. Nc3 g5 7. Bg3 Bg7 8. Nf3
a6 9. Ba4 b5 10. Bb3 Nb4 11. a3 Nc6 12. Nxd5 Nxd5 13. Bxd5 e6 14. Be4 f5 15. Bd3
O-O 16. Qd2 Na7 17. Ne5 c6 18. h4 g4 19. f3 h5 20. fxg4 fxg4 21. O-O-O Nc8 22.
Rdf1 Ne7 23. Rxf8+ Bxf8 24. Rf1 Bg7 25. Nf7 Qb6 26. Ne5 Be8 27. Qb4 Nd5 28. Qd2
a5 29. e4 Nc7 30. Bf2 Kh7 31. d5 Qb7 32. dxc6 Qc8 33. Qg5 Bh6 0-1

[Event "AUTO-ADV-1730"]
[Site "http://www.queenalice.com/game.php?id=761972"]
[Date "2010.4.16"]
[Round "1"]
[White "Cristianopesoa"]
[Black "Francisco_Ferraz"]
[Result "1-0"]
[WhiteElo "1559"]
[BlackElo "1564"]

1. e4 c5 2. Bc4 g6 3. Nf3 Bg7 4. d3 e6 5. e5 d5 6. exd6 Qxd6 7. O-O Ne7 8. Nc3
a6 9. g3 b5 10. Bf4 Qc6 11. Ne5 Qb7 12. Bb3 Nbc6 13. Nxc6 Nxc6 14. Qe1 Nd4 15.
Be5 Nf3+ 16. Kg2 Nxe1+ 17. Kh3 Bxe5 18. Rfxe1 f6 19. Ne4 Bxb2 20. Nd6+ Kd7 21.
Nxb7 1-0

[Event "AUTO-ADV-1730"]
[Site "http://www.queenalice.com/game.php?id=761973"]
[Date "2010.4.16"]
[Round "1"]
[White "Francisco_Ferraz"]
[Black "Cristianopesoa"]
[Result "0-1"]
[WhiteElo "1548"]
[BlackElo "1575"]

1. b3 d5 2. Bb2 Nc6 3. e3 e5 4. Bb5 a6 5. Bxc6+ bxc6 6. Bxe5 Qe7 7. Bb2 c5 8. h3
Nf6 9. d3 d4 10. Qf3 Rb8 11. Ne2 Bb7 12. e4 Qd6 13. Nd2 Be7 14. Nc4 Qc6 15. Ng3
O-O 16. Ne5 Qb5 17. O-O a5 18. a4 Qb4 19. Nf5 g6 20. Nxe7+ Kg7 21. Nd5 Nxd5 22.
exd5 f5 0-1

[Event "AUTO-ADV-1730"]
[Site "http://www.queenalice.com/game.php?id=761988"]
[Date "2010.4.16"]
[Round "1"]
[White "Francisco_Ferraz"]
[Black "Rymoo"]
[Result "0-1"]
[WhiteElo "1533"]
[BlackElo "1814"]

1. b3 d5 2. Bb2 c5 3. e3 Nc6 4. Bb5 a6 5. Bxc6+ bxc6 6. d3 e6 7. Nf3 Nf6 8. h3
Bd6 9. Nbd2 O-O 10. O-O Re8 11. Ne5 Qc7 12. Ndf3 h6 13. c4 Nd7 14. Nxd7 Bxd7 15.
Rc1 Rab8 0-1

[Event "AUTO-ADV-1730"]
[Site "http://www.queenalice.com/game.php?id=761989"]
[Date "2010.4.16"]
[Round "1"]
[White "Rymoo"]
[Black "Francisco_Ferraz"]
[Result "1-0"]
[WhiteElo "1771"]
[BlackElo "1528"]

1. e4 c5 2. Nf3 d6 3. d4 cxd4 4. Nxd4 Nf6 5. Nc3 a6 6. Bc4 e6 7. Be3 b5 8. Bb3
g6 9. Qd2 Bg7 10. O-O Bb7 11. f3 O-O 12. Nce2 Nbd7 13. c3 Nc5 14. Bc2 e5 15. Nb3
Ne6 16. Rad1 Qe7 17. Qxd6 Qxd6 18. Rxd6 1-0

[Event "AUTO-ADV-1730"]
[Site "http://www.queenalice.com/game.php?id=761990"]
[Date "2010.4.16"]
[Round "1"]
[White "Francisco_Ferraz"]
[Black "Panoramix"]
[Result "0-1"]
[WhiteElo "1687"]
[BlackElo "1816"]

1. b3 e5 2. Bb2 Nc6 3. e3 Nf6 4. Bb5 d6 5. Bxc6+ bxc6 6. d3 Be7 7. h3 O-O 8. Ne2
Rb8 9. Nd2 d5 10. Bxe5 Bd6 11. Bb2 Be6 12. Nf4 Re8 13. O-O Qd7 14. Bxf6 gxf6 15.
Nh5 Be7 16. Nf4 Kh8 17. Qh5 Rg8 18. Kh2 Qd6 19. Rg1 Rg5 20. Qf3 Rbg8 21. g4 f5
22. Rg3 fxg4 23. hxg4 Bxg4 24. Qg2 Bf5 25. Rxg5 Bxg5 0-1

[Event "AUTO-ADV-1730"]
[Site "http://www.queenalice.com/game.php?id=761991"]
[Date "2010.4.16"]
[Round "1"]
[White "Panoramix"]
[Black "Francisco_Ferraz"]
[Result "1-0"]
[WhiteElo "1804"]
[BlackElo "1699"]

1. e4 c5 2. Nf3 d6 3. d4 cxd4 4. Nxd4 Nf6 5. Nc3 a6 6. Bg5 e5 7. Nf3 Be7 8. Bc4
O-O 9. O-O Bg4 10. h3 Bh5 11. Qd3 h6 12. Be3 Bxf3 13. gxf3 Qd7 14. Bd5 Nc6 15.
Kh2 Nb4 16. Qd2 Rac8 17. a3 Nbxd5 18. Nxd5 Nxd5 19. Qxd5 Bh4 20. c4 Kh7 21. Rg1
g5 22. Rg2 f5 23. Rag1 f4 24. Bb6 Rg8 25. b3 Rg6 26. b4 1-0

[Event "AUTO-ADV-1739"]
[Site "http://www.queenalice.com/game.php?id=765376"]
[Date "2010.4.24"]
[Round "1"]
[White "Thanasis"]
[Black "Francisco_Ferraz"]
[Result "1-0"]
[WhiteElo "1787"]
[BlackElo "1613"]

1. d4 d5 2. c4 e6 3. Nc3 Bb4 4. Qc2 Ne7 5. a3 Bxc3+ 6. bxc3 Bd7 7. Nf3 Nbc6 8.
Ng5 Nf5 9. Nf3 dxc4 10. e4 Nfe7 11. Bxc4 h6 12. O-O a6 13. Rb1 b5 14. Ba2 O-O
15. c4 Na7 16. Re1 f5 17. c5 1-0

[Event "AUTO-ADV-1739"]
[Site "http://www.queenalice.com/game.php?id=765377"]
[Date "2010.4.24"]
[Round "1"]
[White "Francisco_Ferraz"]
[Black "Thanasis"]
[Result "0-1"]
[WhiteElo "1604"]
[BlackElo "1796"]

1. b3 e5 2. Bb2 Nc6 3. e3 d5 4. Bb5 Bd7 5. Bxc6 Bxc6 6. d3 Bd6 7. Nd2 Nf6 8.
Ngf3 Qe7 9. O-O O-O 10. c4 a5 11. a4 Bd7 12. h3 c6 13. Nh2 b5 14. axb5 cxb5 15.
f4 exf4 16. exf4 Qe3+ 17. Kh1 Bxf4 0-1

[Event "AUTO-ADV-1739"]
[Site "http://www.queenalice.com/game.php?id=765392"]
[Date "2010.4.24"]
[Round "1"]
[White "Lopesq"]
[Black "Francisco_Ferraz"]
[Result "1-0"]
[WhiteElo "1796"]
[BlackElo "1622"]

1. Nf3 Nf6 2. d4 d5 3. c3 e6 4. Bf4 Bd6 5. Bxd6 Qxd6 6. e3 a6 7. Be2 h6 8. Nbd2
b5 9. O-O O-O 10. Ne5 Nbd7 11. Ndf3 Nxe5 12. dxe5 Qe7 13. exf6 Qxf6 14. Rb1 c5
15. a3 Bb7 16. a4 c4 17. a5 e5 18. h3 Rad8 19. Qc2 e4 20. Nd4 Qg6 21. b4 Bc8 22.
Kh1 f5 23. Rbd1 Rf7 24. Rde1 Rdf8 25. Qd1 f4 26. Bh5 Qg5 27. Bxf7+ Rxf7 28. exf4
Rxf4 29. Re3 Qh4 30. Kg1 Qf6 31. Rg3 1-0

[Event "AUTO-ADV-1739"]
[Site "http://www.queenalice.com/game.php?id=765393"]
[Date "2010.4.24"]
[Round "1"]
[White "Francisco_Ferraz"]
[Black "Lopesq"]
[Result "0-1"]
[WhiteElo "1632"]
[BlackElo "1786"]

1. b3 d5 2. Bb2 c6 3. e3 Nf6 4. h3 e6 5. d3 Nbd7 6. a3 Be7 7. Nd2 e5 8. c4 O-O
9. cxd5 cxd5 10. Ngf3 e4 11. dxe4 dxe4 12. Ng5 h6 13. Ngxe4 Qc7 14. Rc1 Qd8 15.
b4 a6 16. Be2 Nxe4 17. Nxe4 a5 18. Qd4 Nf6 19. Qxd8 Rxd8 20. O-O Nxe4 21. Rc7
Bg5 22. Bd4 Nd6 23. f4 Bh4 24. b5 Ne4 25. Rfc1 Ng3 26. Bf3 Be6 27. Bxb7 Ne2+ 28.
Kf1 Nxc1 29. Bxa8 Rxa8 0-1

[Event "AUTO-ADV-1739"]
[Site "http://www.queenalice.com/game.php?id=765402"]
[Date "2010.4.24"]
[Round "1"]
[White "casacudoman"]
[Black "Francisco_Ferraz"]
[Result "1-0"]
[WhiteElo "1804"]
[BlackElo "1711"]

1. d4 d5 2. e3 e6 3. Nc3 Bb4 4. Bd2 Nf6 5. Qf3 O-O 6. e4 c6 7. Qg3 Nbd7 8. Bh6
Nh5 9. Qg4 Ndf6 10. Qg5 Bxc3+ 11. bxc3 Re8 12. e5 1-0

[Event "AUTO-ADV-1739"]
[Site "http://www.queenalice.com/game.php?id=765403"]
[Date "2010.4.24"]
[Round "1"]
[White "Francisco_Ferraz"]
[Black "casacudoman"]
[Result "0-1"]
[WhiteElo "1596"]
[BlackElo "1816"]

1. b3 e6 2. Bb2 Qg5 3. e3 b6 4. Nh3 Qg6 5. Nf4 Qg5 6. Qf3 c6 7. d3 Qc5 8. c4
Qa5+ 9. Bc3 Bb4 10. Bxb4 Qxb4+ 11. Nd2 e5 12. Nh5 g6 13. Nf6+ Kf8 14. a3 Qc3 15.
Rd1 h5 0-1

[Event "AUTO-OPEN-1960"]
[Site "http://www.queenalice.com/game.php?id=767586"]
[Date "2010.4.28"]
[Round "1"]
[White "rafaelalves"]
[Black "Francisco_Ferraz"]
[Result "1-0"]
[WhiteElo "1801"]
[BlackElo "1589"]

1. d4 d5 2. e3 e6 3. Nf3 Nf6 4. Be2 Nc6 5. O-O Bd6 6. c4 O-O 7. b3 Ne7 8. c5
Bxh2+ 9. Kxh2 Ng4+ 10. Kg1 f5 11. Ba3 c6 12. Nc3 Ng6 13. Nh2 Nxh2 14. Kxh2 e5
15. Rh1 e4 16. Kg1 h6 17. b4 Nh4 18. g3 1-0

[Event "AUTO-OPEN-1960"]
[Site "http://www.queenalice.com/game.php?id=767587"]
[Date "2010.4.28"]
[Round "1"]
[White "Francisco_Ferraz"]
[Black "rafaelalves"]
[Result "0-1"]
[WhiteElo "1725"]
[BlackElo "1777"]

1. b3 e5 2. Bb2 d6 3. e3 Nf6 4. g3 g6 5. Bg2 Bg7 6. d3 O-O 7. Nd2 c6 8. c4 Bf5
9. e4 Bg4 10. Ngf3 Nbd7 11. h3 Be6 12. Ng5 Qb6 13. Nxe6 fxe6 14. Ba3 Ng4 0-1

[Event "AUTO-OPEN-1960"]
[Site "http://www.queenalice.com/game.php?id=767598"]
[Date "2010.4.28"]
[Round "1"]
[White "REDWOLF"]
[Black "Francisco_Ferraz"]
[Result "1-0"]
[WhiteElo "1494"]
[BlackElo "1676"]

1. e4 c5 2. Bc4 g6 3. Nf3 h6 4. O-O Bg7 5. d4 cxd4 6. Nxd4 e6 7. f4 Qb6 8. e5
Ne7 9. b3 d5 10. Bb5+ Nd7 11. Nc3 a6 12. Bd3 Qxd4+ 13. Kh1 1-0

[Event "AUTO-OPEN-1960"]
[Site "http://www.queenalice.com/game.php?id=767599"]
[Date "2010.4.28"]
[Round "1"]
[White "Francisco_Ferraz"]
[Black "REDWOLF"]
[Result "0-1"]
[WhiteElo "1653"]
[BlackElo "1517"]

1. b3 e5 2. Bb2 d6 3. e3 g6 4. g3 Bg7 5. Bg2 Nf6 6. d3 O-O 7. h3 Be6 8. Bxb7
Nbd7 9. Bxa8 Qxa8 10. e4 Nxe4 11. Qf3 Bf5 0-1

[Event "Challenge"]
[Site "http://www.queenalice.com/game.php?id=773078"]
[Date "2010.5.9"]
[Round "-"]
[White "Francisco_Ferraz"]
[Black "SalsaQueen"]
[Result "0-1"]
[WhiteElo "1581"]
[BlackElo "1562"]

1. d4 d5 2. e3 Nf6 3. g3 Bg4 4. Ne2 Bf3 5. Rg1 Nc6 6. Nbc3 e6 7. a3 Ng4 8. Qd3
Nxh2 9. Bd2 Nxf1 10. Kxf1 Be7 0-1